000 00565cam a2200205 4500
001 ABS61463
008 000000n1999 000 0 eng u
035 _a(Sirsi) u100530
100 _aCockburn, R.
245 2 _aA corporation tax update
260 _c1999
490 _aCSM
_bChartered Surveyor Monthly
_v9(2) October 1999, 37(1)
520 _aA brief overview of corporate tax developments in the 1999 Finance Act.
590 _aABS
650 _aFINANCE ACT 1999
650 _aREFORM
650 _aCORPORATION TAX
690 _aTAXATION
942 _n0
999 _c60138
_d60138